000 00511nam a2200169 a 4500
005 20140310183411.0
008 070912s19uu xx 00 eng d
020 _a0071453199
050 _aGE 110
_b.W55 2005
100 _aWilliams, Linda D.
245 _aEnvironmental science demystified :
_ba self-teaching guide /
260 _aNew York :
_bMcGraw-Hill, Inc,
_c2005.
300 _a413 p. :
_bill. ;
_c24 cm.
650 _aEnvironmental sciences.
_xPopular works.
942 _cBK
_2lcc
_kFOR
999 _c22513
_d22513